Komplexné manažérstvo kvality - spokojnosť zákazníkov spoločnosti Digital Systems, s..r.o. bakalárska práca

Gespeichert in:
Bibliographische Detailangaben
1. Verfasser: Myslovičová, Anna
Körperschaft: Fakulta podnikového manažmentu EU. Katedra manažmentu výroby a logistiky - zrušená
Weitere Verfasser: Polačko, Vladimír
Format: Buch
Sprache:Slowakisch
Veröffentlicht: Bratislava 2009
Tags: Tag hinzufügen
Keine Tags, Fügen Sie das erste Tag hinzu!

MARC

LEADER 00000nam$a2200000$$$4500
001 0102481
005 20240320075022.8
041 0 |a slo 
044 |a SK 
245 1 0 |a Komplexné manažérstvo kvality - spokojnosť zákazníkov spoločnosti Digital Systems, s..r.o.  |b bakalárska práca  |c Anna Myslovičová ; škol. Vladimír Polačko 
264 1 |a Bratislava  |c 2009 
300 |a 37 s. 
100 1 |a Myslovičová, Anna 
700 1 |a Polačko, Vladimír 
710 2 |a Fakulta podnikového manažmentu EU. Katedra manažmentu výroby a logistiky - zrušená